000 00688nam a2200229 i 4500
001 C2-0223057
003 PPAK
005 20180728152034.0
008 000129s1981 my |||| ||||| | may d
040 _aPPAK
_beng
_cPPAK
_erda
082 0 4 _a499.2315
_223
090 0 0 _a499.2315
_bNIK
_dKIH
100 0 _aNik Safiah Karim,
_cProf. Madya Dr.
_eauthor
245 1 0 _aBeberapa persoalan sosiolinguistik Bahasa Melayu
264 1 _aKuala Lumpur :
_bDewan Bahasa dan Pustaka ,
_c1981
300 _axii, 136 pages ;
_c21 cm
336 _2rdacontent
_atext
337 _2rdamedia
_aunmediated
338 _2rdacarrier
_avolume
650 1 0 _aBahasa Melayu - Social espects
942 _ddc
_cB
999 _c144266
_d144266